Bhrigu and the palace of mirrors / / (Record no. 181951)

MARC details
000 -LEADER
fixed length control field 00632nam a22002057a 4500
005 - DATE AND TIME OF LATEST TRANSACTION
control field 20211011163832.0
010 ## - LCCN (DPL NO)
LC control number B-741740
020 ## - INTERNATIONAL STANDARD BOOK NUMBER
Terms of availability 299.00
International Standard Book Number 9789388322294
035 ## - SYSTEM CONTROL NUMBER
System control number B-741740
037 ## - SOURCE OF ACQUISITION
Source of stock number/acquisition Gift
082 ## - DEWEY DECIMAL CLASSIFICATION NUMBER
Classification number N
100 ## - MAIN ENTRY--PERSONAL NAME
Personal name Ranade,Soumitra
245 ## - TITLE STATEMENT
Title Bhrigu and the palace of mirrors / /
Statement of responsibility, etc by-Soumitra Ranade
260 ## - PUBLICATION, DISTRIBUTION, ETC. (IMPRINT)
Place of publication, distribution, etc Gurugram
Name of publisher, distributor, etc Hachette Book Publishing
Date of publication, distribution, etc 2021
270 ## - ADDRESS
Address 4th and 5th Floors, Corporate Centre, Plot No.94
City Gurugram
Postal code 122003
300 ## - PHYSICAL DESCRIPTION
Extent 181 p.
Dimensions 21cm(pbk)
Other physical details ill
700 ## - ADDED ENTRY--PERSONAL NAME
Personal name Ramanujam,Ruchira
942 ## - ADDED ENTRY ELEMENTS (KOHA)
Source of classification or shelving scheme Dewey Decimal Classification
Item type Children Books
Classification part N
Call number suffix RAN
Holdings
Withdrawn status Lost status Not for loan Collection code Home library Current library Date acquired Source of acquisition Cost, normal purchase price Full call number Barcode Copy number Cost, replacement price Koha item type Public note
      Fiction Ashok Vihar Ashok Vihar 11/10/2021 Gift/4.10.2021 299.00 N RAN B-741740 1 299.00 Children Books Gift

© Delhi Public Library
Hit Counter
free hit counter